|
|
|
|
| LEADER |
01399nam a2200409 a 4500 |
| 001 |
000588899 |
| 003 |
CZ BrMZK |
| 005 |
20081105104716.0 |
| 007 |
ta |
| 008 |
020301s2001 xr f cze d |
| 015 |
|
|
|a cnb001090848
|
| 020 |
|
|
|a 80-86045-69-2
|
| 035 |
|
|
|a (OCoLC)51185668
|
| 040 |
|
|
|a BOA001
|b cze
|
| 043 |
|
|
|a e------
|
| 072 |
|
7 |
|a 27-4
|x Praktická teologie. Morální teologie
|2 Konspekt
|9 5
|
| 080 |
|
|
|a 2-766
|2 MRF
|
| 080 |
|
|
|a 2-423.3-544.7
|2 MRF
|
| 080 |
|
|
|a 27-58-472
|2 MRF
|
| 080 |
|
|
|a 27-58
|2 MRF
|
| 080 |
|
|
|a (4)
|2 MRF
|
| 080 |
|
|
|a (048.8)
|2 MRF
|
| 100 |
1 |
|
|a Rupnik, Marko Ivan,
|d 1954-
|7 jn19990007250
|4 aut
|
| 245 |
1 |
0 |
|a O duchovním otcovství a rozlišování /
|c Marko Ivan Rupnik
|
| 250 |
|
|
|a Vyd. 1.
|
| 260 |
|
|
|a Velehrad :
|b Refugium Velehrad-Roma,
|c 2001
|
| 300 |
|
|
|a 112 s. ;
|c 21 cm
|
| 490 |
1 |
|
|a Studijní texty Centra Aletti ;
|v 11
|
| 650 |
0 |
7 |
|a duchovní vedení
|7 ph119638
|2 czenas
|
| 650 |
0 |
7 |
|a duchovní rozlišování
|7 ph353331
|2 czenas
|
| 650 |
0 |
7 |
|a křesťanská spiritualita
|7 ph138493
|2 czenas
|
| 650 |
0 |
7 |
|a evangelizace
|7 ph120046
|z Evropa
|2 czenas
|
| 655 |
|
7 |
|a studie
|7 fd133597
|2 czenas
|
| 810 |
2 |
|
|a Jezuité.
|b Česká provincie.
|b Centrum Aletti Velehrad-Roma.
|t Studijní texty
|0 s
|
| 910 |
|
|
|a BOA001
|b 2-1098.855
|
| 990 |
|
|
|a BK
|
| 996 |
6 |
|
|b 2610154300
|c 2-1098.855
|l MZK
|r Sklad / do 1 hodiny
|n 19
|p p.v.
|w 000588899
|u 000010
|a 1
|e BOA001
|j MZK50
|s P
|